书目信息 |
| 题名: |
经济学说史
|
|
| 作者: | 鲁友章 , 李宗正 主编 | |
| 分册: | 下册 | |
| 出版信息: | 北京 人民出版社 1983 |
|
| 页数: | 428页 | |
| 开本: | 20cm | |
| 丛书名: | ||
| 单 册: | ||
| 中图分类: | F09 | |
| 科图分类: | ||
| 主题词: | 经济思想史--高等学校--教材 | |
| 电子资源: | ||
| ISBN: | ||
| 000 | 00656nam0 2200241 45 | |
| 001 | 0183004578 | |
| 005 | 20070728164125.21 | |
| 010 | @dCNY1.35 | |
| 091 | @aCN@b4001.432 | |
| 100 | @a19960215d1983 em y0chiy0121 ea | |
| 101 | 0 | @achi |
| 102 | @aCN@b110000 | |
| 105 | @ay z 000yy | |
| 200 | 10 | @a经济学说史@Ajing ji xue shuo shi@h下册@f鲁友章,李宗正主编 |
| 210 | @a北京@c人民出版社@d1983 | |
| 215 | @a428页@d20cm | |
| 300 | @a高等学校文科教材 | |
| 606 | @a经济思想史@x高等学校@x教材 | |
| 690 | @aF09@v3 | |
| 701 | 0 | @a鲁友章@Alu you zhang@4主编 |
| 701 | 0 | @a李宗正@Ali zong zheng@4主编 |
| 801 | 0 | @aCN@bTSSF@c20070728 |
| 905 | @a10447@dF09@e4:2 | |
| 经济学说史.下册/鲁友章,李宗正主编.-北京:人民出版社,1983 |
| 428页;20cm |
| 高等学校文科教材 |
| ISBN :CNY1.35 |
| ● |
| 相关链接 |
|
|
|
|
正题名:经济学说史
索取号:F09/4:2
 
预约/预借
| 序号 | 登录号 | 条形码 | 馆藏地/架位号 | 状态 | 备注 |
| 1 | 0785602 | 207856024 | 第一样本阅览室/ [索取号:F09/4:2] | 在馆 |